[Event "Platense-ch"]
[Site "La Plata"]
[Date "2018.01.12"]
[Round "7"]
[White "Gamboa, Ricardo"]
[Black "Lescano, Julian"]
[Result "1-0"]
[WhiteElo "1816"]
[BlackElo "1456"]
[PlyCount "61"]
[EventDate "2018.01.03"]
[EventType "swiss"]
[EventRounds "9"]
[EventCountry "ARG"]
[SourceTitle "EXT 2019"]
[Source "ChessBase"]
[SourceDate "2018.10.10"]
[SourceVersion "1"]
[SourceVersionDate "2018.10.10"]
[SourceQuality "1"]

1. c4 c5 2. Nf3 Nc6 3. g3 g6 4. Bg2 Bg7 5. 0-0 e6 6. Nc3 Nge7 7. d3 b6 8. Bf4 Bb7 9. Nb5 0-0 10. Nd6 e5 11. Nxe5 Bxe5 12. Bxe5 Nxe5 13. Bxb7 Rb8 14. f4 N5c6 15. e4 Qc7 16. Bxc6 Qxc6 17. e5 Nc8 18. Ne4 d6 19. Nf6+ Kh8 20. g4 dxe5 21. fxe5 Ne7 22. d4 cxd4 23. Qxd4 Rbd8 24. Qe3 Ng8 25. Rf4 Nxf6 26. Rxf6 Qxc4 27. Rc1 Qxa2 28. Qc3 Qd5 29. e6 Qc5+ 30. Qxc5 bxc5 31. e7 1-0

[Event "Platense-ch"]
[Site "La Plata"]
[Date "2018.01.10"]
[Round "6"]
[White "Lescano, Julian"]
[Black "Gardes, Alfredo"]
[Result "1-0"]
[WhiteElo "1456"]
[BlackElo "1722"]
[PlyCount "123"]
[EventDate "2018.01.03"]
[EventType "swiss"]
[EventRounds "9"]
[EventCountry "ARG"]
[SourceTitle "EXT 2019"]
[Source "ChessBase"]
[SourceDate "2018.10.10"]
[SourceVersion "1"]
[SourceVersionDate "2018.10.10"]
[SourceQuality "1"]

1. c4 c5 2. g3 Nc6 3. Bg2 d6 4. Nc3 Nf6 5. e3 g6 6. Nge2 Bg7 7. a3 0-0 8. Rb1 a6 9. b4 Rb8 10. b5 axb5 11. Nxb5 Bf5 12. d3 Ne5 13. e4 Bg4 14. f4 Nf3+ 15. Kf2 Nd4 16. Nbxd4 cxd4 17. h3 Bxe2 18. Qxe2 e5 19. Bd2 Nd7 20. f5 Nc5 21. h4 Ra8 22. Bb4 Bh6 23. g4 Be3+ 24. Kg3 h6 25. Bxc5 dxc5 26. Rxb7 Rxa3 27. Rhb1 Qa8 28. R1b6 Ra2 29. Qd1 Bf2+ 30. Kh3 Qd8 31. g5 Bxh4 32. fxg6 Qxg5 33. gxf7+ Kg7 34. Qg4 Qxg4+ 35. Kxg4 Bd8 36. Rb2 Ra3 37. Bf1 Rxf7 38. Rxf7+ Kxf7 39. Kf5 Ra1 40. Be2 Rh1 41. Rb7+ Be7 42. Kxe5 Rh2 43. Bg4 Rh1 44. Be6+ Kf8 45. Rb8+ Kg7 46. Rg8+ Kh7 47. Rg3 Rh5+ 48. Bf5+ Kh8 49. Ke6 Bg5 50. e5 Rh2 51. Kd5 Rf2 52. Be4 Be7 53. Rg6 Rh2 54. Ke6 Bf8 55. Kd7 h5 56. Bd5 Bg7 57. e6 Ra2 58. e7 Ra7+ 59. Kd6 Be5+ 60. Kxe5 Rxe7+ 61. Kd6 Re3 62. Rh6+ 1-0